La Competitividad de las economías pequeñas de la región /

El presente artículo explora los cambios ocurridos entre 1978 y 1988 en las fuentes de competitividad para las exportaciones que los países pequeños dirigen a los países industrializados de economía de mercado. La crisis de los años ochenta tuvo un fuerte impacto sobre los países latinoamericanos y...

Deskribapen osoa

Gorde:
Xehetasun bibliografikoak
Egile nagusia: Buitelaar, Rudolf M.
Beste egile batzuk: Fuentes Knight, Juan Alberto
Formatua: Texto
Gaiak:
Etiketak: Etiketa erantsi
Etiketarik gabe, Izan zaitez lehena erregistro honi etiketa jartzen!

MARC

LEADER 00000 a a2200000 04500
001 15793
003
040
100 |a Buitelaar, Rudolf M.  
245 |a La Competitividad de las economías pequeñas de la región /  |c Rudolf M. Buitelaar 
520 |a El presente artículo explora los cambios ocurridos entre 1978 y 1988 en las fuentes de competitividad para las exportaciones que los países pequeños dirigen a los países industrializados de economía de mercado. La crisis de los años ochenta tuvo un fuerte impacto sobre los países latinoamericanos y sus posibilidades de desarrollo quedaron supeditadas a sus modalidades de incorporación a los mercados internacionales. Se están registrando importantes transformaciones en esas modalidades que se traducen, por ejemplo, en el auge de las exportacioones no tradicionales. Al analizar el crecimiento de las exportaciones a los países de la OCDE entre 1978 y 1988 se advierte que la mayor parte de tal crecimiento corresponde a los productos naturales sin elaborar y a los que dependen de una mano de obra barata y no calificada. REV//jmml  
650 |a MERCADOS  
650 |a COMERCIO  
650 |a COMPETITIVIDAD  
650 |a ECONOMIA  
700 |a Fuentes Knight, Juan Alberto  
773 |g número 43; páginas 83-97  
999 |c 27056  |d 27056 
773 0 |0 18890  |9 4890  |a Comisión Económica para América Latina y el Caribe  |d Santiago, Chile: Comisión Económica para América Latina y el Caribe  |o MFN: 1279  |t Revista de la CEPAL /